| 000 | 00939cam a2200217 4500 | ||
|---|---|---|---|
| 001 | X118072 | ||
| 008 | 020521n2002 000 0 eng u | ||
| 035 | _a(Sirsi) u118072 | ||
| 100 | _aBennett, J. | ||
| 245 | _aAre you a land-condition specialist? | ||
| 260 | _c2002 | ||
| 490 |
_aCivil Engineering _v150(2) May 2002, 54(1) |
||
| 520 | _aA new UK register of land-condition specialists has been set up to ensure a consistent approach to assessing contaminated land. The register has been developed with the assistance of the principal organisations in the field including RICS and aims to improve public confidence in the quality of information on land contamination. The register is available at www.silc.org.uk. | ||
| 650 | _aLAND-CONDITION SPECIALISTS | ||
| 650 | _aCONTAMINATED LAND | ||
| 650 | _aLAND-CONDITION RECORDS | ||
| 650 | _aSILC | ||
| 650 | _aSILC REGISTER | ||
| 690 | _aENVIRONMENT-CONTAMINATION | ||
| 942 | _n0 | ||
| 999 |
_c70311 _d70311 |
||